|
|
|
|
| LEADER |
01226nam a2200241 a 4500 |
| 001 |
GR-MES15242 |
| 008 |
041008s2004 gr e 000 0 gre d |
| 020 |
|
|
|a 9600217262
|
| 040 |
|
|
|a GrPaTEI
|b gre
|c GR-PaULI
|
| 041 |
0 |
|
|a gre
|h eng
|
| 082 |
|
0 |
|a 341.77
|2 21
|
| 100 |
1 |
|
|a Ροζάκης, Χρήστος Λ.
|
| 245 |
1 |
0 |
|a Έγκλημα και τιμωρία =
|b Crime and punishment : Το Διεθνές Ποινικό Δικαστήρτήριο στη νέα παγκόσμια τάξη /
|c Χρήστος Λ. Ροζάκης.
|
| 260 |
|
|
|a Αθήνα :
|b Παπαζήσης,
|c 2004
|
| 300 |
|
|
|a 490 σ. ;
|c 21εκ.
|
| 490 |
0 |
|
|a Διεθνής και Ευρωπαϊκή Πολιτική / Σωτήρης Ντάλης
|
| 610 |
0 |
4 |
|a Διεθνές Ποινικό Δικαστήριο
|
| 650 |
|
4 |
|a ΔΙΕΘΝΕΣ ΠΟΙΝΙΚΟ ΔΙΚΑΙΟ
|
| 650 |
|
4 |
|a Ποινική δικονομία (Διεθνές δίκαιο)
|
| 942 |
|
|
|2 ddc
|
| 952 |
|
|
|0 0
|1 0
|2 ddc
|4 0
|6 341_770000000000000_ΡΟΖ
|7 0
|9 273074
|a MSLG
|b MSLG
|c BSC
|d 2021-01-17
|e 24
|f 0
|g 0.00
|l 0
|o 341.77 ΡΟΖ
|p 2420000023481
|r 2021-01-17 00:00:00
|t 1
|w 2021-01-17
|y BK15
|x 20090908 0 ΤΣΑΝΤΑΡΛΙΩΤΗ 1
|x GrPaTEI
|
| 971 |
|
|
|a .b25812919
|b 08-10-20
|c 13-09-16
|
| 999 |
|
|
|c 158060
|d 158060
|